000 00811nam a2200241Ia 4500
003 OSt
005 20220923225037.0
006 a|||||r|||| 00| 0
007 ta
008 220922b |||||||| |||| 00| 0 hin d
024 _a255,665
037 _cTextual
040 _aARTS
_cARTS
_bhin
041 _2hin
_ahin
082 _aP152vN5, 152J5;K1
100 _aतिवारी, उदयनारायण
245 0 _aहिन्दी भाषा का उद्गम और विकास
246 _aHindī bhāṣhā kā udgam aur vikāsa
260 _aप्रयाग
_b भारती भंडार
_c1961
300 _a677पृ.
_ccm.
942 _hP152vN5, 152J5;K1
_cTEXL
_2CC
999 _c375645
_d375645